| 000 | 00305 a2200133 4500 | ||
|---|---|---|---|
| 001 | 66127 | ||
| 082 | _a620.112 MAL | ||
| 090 |
_c38421 _d38421 |
||
| 100 | _aMalhotra D R | ||
| 245 | _aStrength of Materials, 6th Ed | ||
| 250 | _a6 | ||
| 260 |
_aNew Delhi _bSatya Prakashan _c1994 |
||
| 300 | _a1152 p. | ||
| 942 |
_aNUST-CAE _k620.112 MAL |
||
| 999 |
_c301200 _d301200 |
||